| 000 | 00600nam a2200229Ia 4500 | ||
|---|---|---|---|
| 003 | OSt | ||
| 005 | 20220918191147.0 | ||
| 006 | a|||||r|||| 00| 0 | ||
| 007 | ta | ||
| 008 | 220917b |||||||| |||| 00| 0 eng d | ||
| 024 | _a61,778 | ||
| 037 | _cTextual | ||
| 040 |
_aARTS _cARTS _beng |
||
| 041 |
_2eng _aeng |
||
| 082 | _aQ421:231, 1518G5 | ||
| 100 | _aChaudhuri N N | ||
| 245 | 0 |
_aDakarnava _b studies in the Apabhramsa texts |
|
| 260 |
_aNIL _bNIL _c1935 |
||
| 650 | _aRELIGION | ||
| 942 |
_hQ421:231, 1518G5 _cTEXL _2CC |
||
| 999 |
_c188553 _d188553 |
||